[Event "Mondiale Lampo FIDE 2017"]
[Site "Riyadh"]
[Date "29.12.2017"]
[Round "10.56"]
[White "Samhouri, A."]
[Black "Potkin, Vladimir"]
[Result "0-1"]
[WhiteTitle "FM"]
[BlackTitle "GM"]
[WhiteElo "2355"]
[BlackElo "2574"]
[WhiteFideId "8100640"]
[BlackFideId "4131061"]
[EventDate "2017.12.29"]

1. d4 d5 2. Nf3 Nf6 3. c4 e6 4. g3 dxc4 5. Bg2 a6 6. O-O Nc6 7. e3 Rb8 8. Qe2 b5
9. a4 Be7 10. axb5 axb5 11. Nc3 O-O 12. Rd1 Nd5 13. e4 Nxc3 14. bxc3 Re8 15. Qc2
Bf6 16. Be3 Bb7 17. d5 exd5 18. Rxd5 Nb4 19. Rxd8 Nxc2 20. Rxe8+ Rxe8 21. Ra7
Bxe4 22. Rxc7 Nxe3 23. fxe3 Bxc3 24. Rc5 Bf6 25. Rxb5 c3 26. Rc5 g6 27. Nd4 Bxg2
28. Kxg2 Rxe3 29. Nb5 Re2+ 30. Kh3 Re3 31. Kg4 Kg7 32. Kf4 Rd3 33. Ke4 Rd2 34.
Nxc3 Bxc3 35. Rxc3 Rxh2 36. g4 Ra2 37. Kf4 Ra5 38. Rh3 Rb5 39. Rh2 h6 40. Rh3
Rg5 41. Rd3 Rb5 42. Rd7 h5 43. gxh5 Rxh5 44. Kg4 Ra5 45. Rb7 Ra4+ 46. Kg5 Ra5+
47. Kg4 Rc5 48. Ra7 Rd5 49. Kf4 g5+ 50. Kg4 Kg6 51. Ra6+ f6 52. Rb6 Rd4+ 53. Kg3
Ra4 54. Rc6 Rd4 55. Ra6 Kf5 56. Ra5+ Ke6 57. Ra6+ Ke5 58. Ra5+ Rd5 59. Ra4 f5
60. Ra8 Rd3+ 61. Kf2 g4 0-1

[Event "Mondiale Lampo FIDE 2017"]
[Site "Riyadh"]
[Date "29.12.2017"]
[Round "10.57"]
[White "Al-Hajiri, Bader"]
[Black "Fedorchuk, Sergey A."]
[Result "0-1"]
[WhiteTitle "FM"]
[BlackTitle "GM"]
[WhiteElo "2165"]
[BlackElo "2648"]
[WhiteFideId "10300163"]
[BlackFideId "14102536"]
[EventDate "2017.12.29"]

1. e4 c5 2. Nf3 e6 3. d4 cxd4 4. Nxd4 a6 5. Nc3 Qc7 6. Be3 Nf6 7. Be2 d6 8. O-O
Be7 9. f4 O-O 10. Qe1 b5 11. Bf3 Bb7 12. a3 Nbd7 13. Qg3 Rfe8 14. Rae1 Nc5 15.
e5 Nfe4 16. Nxe4 Nxe4 17. Bxe4 Bxe4 18. f5 exf5 19. Rxf5 Bf8 20. Rf4 Bg6 21.
Ref1 dxe5 22. Rg4 Rac8 23. Nf3 Bc5 24. Bxc5 Qxc5+ 25. Kh1 e4 26. Nh4 e3 27. c3
e2 28. Re1 Rcd8 29. Qf3 Rd1 0-1

[Event "Mondiale Lampo FIDE 2017"]
[Site "Riyadh"]
[Date "29.12.2017"]
[Round "10.58"]
[White "El Adnani, Mokliss"]
[Black "Khairat, Ahmed"]
[Result "1-0"]
[WhiteTitle "IM"]
[BlackTitle "CM"]
[WhiteElo "2448"]
[BlackElo "2211"]
[WhiteFideId "9000410"]
[BlackFideId "10624171"]
[EventDate "2017.12.29"]

1. d4 e5 2. dxe5 f6 3. Nf3 Nc6 4. e6 Bc5 5. g3 Qe7 6. Bg2 dxe6 7. O-O e5 8. c3
Bd7 9. b4 Bb6 10. a4 a5 11. b5 Nd8 12. Nbd2 c6 13. Nc4 Bc5 14. bxc6 Bxc6 15. Ba3
Ne6 16. Nd6+ Kf8 17. Nf5 Qd7 18. Qc1 Ne7 19. Rd1 Qc7 20. Bxc5 Nxc5 21. Qa3 Nxf5
22. Qxc5+ Kf7 23. Bh3 g6 24. Nh4 Nxh4 25. Rd7+ Qxd7 26. Bxd7 Bxd7 27. Qd5+ Ke7
28. Qc5+ Kf7 29. Qc4+ Ke7 30. Qxh4 Rac8 31. Qe4 Bc6 32. Qe3 Ke6 33. Qb6 Rhd8 34.
Qxa5 Rd2 35. Qb4 Kd5 1-0

[Event "Mondiale Lampo FIDE 2017"]
[Site "Riyadh"]
[Date "29.12.2017"]
[Round "10.59"]
[White "Al Habeeb, Emad"]
[Black "Tissir, Mohamed"]
[Result "1-0"]
[BlackTitle "IM"]
[WhiteElo "1933"]
[BlackElo "2381"]
[WhiteFideId "21500029"]
[BlackFideId "9000240"]
[EventDate "2017.12.29"]

1. d4 e6 2. c4 c5 3. e3 Nf6 4. Nc3 b6 5. Nf3 Bb7 6. Be2 g6 7. O-O Bg7 8. b3 O-O
9. Bb2 d6 10. Qc2 Qe7 11. Rad1 a6 12. Nd2 Nc6 13. Nde4 Rad8 14. Nxf6+ Bxf6 15.
Na4 Nb4 16. Qb1 Bc6 17. Nxb6 Qb7 18. d5 Bxb2 19. Qxb2 Qxb6 20. dxc6 Nxc6 21. Qf6
Qc7 22. Bf3 Ne5 23. Be4 a5 24. h3 Nd7 25. Qe7 f5 26. Qxe6+ Kg7 27. Bf3 Ne5 28.
Qd5 Rfe8 29. Be2 Nf7 30. Qd3 Ne5 31. Qc3 Kg8 32. f4 Nf7 33. Bf3 Re7 34. Bd5 Rde8
35. Rf3 Qb6 36. Rg3 a4 37. Rd3 axb3 38. axb3 Qa7 39. Qf6 Qa2 40. Qxf5 Qa1+ 41.
Kh2 Qg7 42. Qg5 Kh8 43. Bxf7 Qxf7 44. Rxd6 Rxe3 45. Rxe3 Rxe3 46. Rd8+ Kg7 47.
Qxc5 Qxf4+ 48. Kg1 Re1# 1-0

[Event "Mondiale Lampo FIDE 2017"]
[Site "Riyadh"]
[Date "29.12.2017"]
[Round "10.60"]
[White "Minko, Vladimir"]
[Black "Amer, Said Salim Al Maashani"]
[Result "1-0"]
[WhiteTitle "IM"]
[BlackTitle "FM"]
[WhiteElo "2381"]
[BlackElo "2103"]
[WhiteFideId "24146706"]
[BlackFideId "22000100"]
[EventDate "2017.12.29"]

1. d4 Nf6 2. c4 e6 3. Nf3 b6 4. g3 Bb7 5. Bg2 g6 6. O-O Bg7 7. Nc3 O-O 8. Bf4
Ne4 9. Qe1 Nxc3 10. Qxc3 c5 11. Be5 cxd4 12. Bxd4 Bxd4 13. Qxd4 Nc6 14. Qd6 Qb8
15. Rfd1 Rd8 16. Rd2 Qxd6 17. Rxd6 Ne7 18. Rad1 Bc6 19. Ne5 Bxg2 20. Kxg2 Rac8
21. Rxd7 Rxd7 22. Rxd7 Kf8 23. Rxa7 f6 24. Nd7+ Kf7 25. Nxb6 Rc6 26. Rb7 f5 27.
a4 Kf6 28. a5 Rc5 29. Nd7+ 1-0

[Event "Mondiale Lampo FIDE 2017"]
[Site "Riyadh"]
[Date "29.12.2017"]
[Round "10.61"]
[White "Khader, Sami"]
[Black "Al Mahmood, Salman"]
[Result "1-0"]
[WhiteTitle "IM"]
[WhiteElo "2392"]
[BlackElo "1593"]
[WhiteFideId "8100500"]
[BlackFideId "11201517"]
[EventDate "2017.12.29"]

1. e4 c5 2. Nf3 d6 3. d4 cxd4 4. Nxd4 Nf6 5. Nc3 a6 6. Bg5 e6 7. Qe2 Be7 8. f4
Nc6 9. O-O-O Bd7 10. Nf3 Qc7 11. Kb1 O-O 12. e5 dxe5 13. fxe5 Ne8 14. Bxe7 Nxe7
15. Ne4 Nd5 16. Qf2 f5 17. exf6 Nexf6 18. Bd3 Nf4 19. Nxf6+ Rxf6 20. Rhe1 Nxd3
21. Rxd3 Rc8 22. Qd2 Bb5 23. Rde3 Bc4 24. b3 Bd5 25. Nd4 Re8 26. g4 b5 27. g5
Rg6 28. h4 Rf8 29. R3e2 Bf3 30. Nxf3 Rxf3 31. h5 h6 32. hxg6 hxg5 33. Rxe6 Rf8
34. Qd5 Qa7 35. Re8+ Kh8 36. Rh1# 1-0

[Event "Mondiale Lampo FIDE 2017"]
[Site "Riyadh"]
[Date "29.12.2017"]
[Round "10.62"]
[White "Lam, Daniel King-wai"]
[Black "Bukannan, Ahmed A"]
[Result "1-0"]
[WhiteTitle "FM"]
[WhiteElo "2222"]
[BlackElo "1929"]
[WhiteFideId "6001238"]
[BlackFideId "21504164"]
[EventDate "2017.12.29"]

1. d4 b6 2. e4 Bb7 3. Nd2 e6 4. Ngf3 Nf6 5. Bd3 c5 6. c3 Nc6 7. O-O cxd4 8. cxd4
Be7 9. e5 Nd5 10. Ne4 h6 11. a3 d6 12. Qe2 Rc8 13. Rd1 Qc7 14. exd6 Bxd6 15.
Nxd6+ Qxd6 16. Qe4 Nf6 17. Qh4 Nd5 18. Bd2 Nde7 19. Rac1 Nd5 20. b4 Nce7 21. Ne5
Rxc1 22. Rxc1 a6 23. Qg3 g5 24. h4 f6 25. Nc4 Qxg3 26. fxg3 Kd7 27. Re1 b5 28.
Na5 Bc8 29. Nb3 Nc6 30. Nc5+ Ke7 31. Be4 Kf7 32. Bxd5 exd5 33. Bc3 Rg8 34. Kf2
Bf5 35. hxg5 hxg5 36. Rh1 Re8 37. Re1 Rxe1 38. Kxe1 Be4 39. Kf2 Nb8 40. Nxe4
dxe4 41. g4 Ke6 42. d5+ Kxd5 43. Bxf6 Nd7 44. Bxg5 Ne5 45. Kg3 Kd4 46. Bf6 Kd5
47. Kf4 Nd3+ 48. Ke3 Ne1 49. g3 Nc2+ 50. Kd2 Nxa3 51. Kc3 Nc4 52. Bd4 Nd6 53.
Be3 Nf7 54. g5 Ke6 55. g6 Nd8 56. g7 Kf7 57. Bd4 Ne6 58. Be5 Nxg7 59. Bxg7 Kxg7
60. Kd4 Kf6 61. Kxe4 Ke6 62. g4 Kd6 63. Kd4 Kc6 64. g5 Kd6 65. g6 Ke7 66. Kc5
Kf6 67. Kb6 Kxg6 68. Kxa6 Kf7 69. Kxb5 Ke7 70. Kc6 Kd8 71. Kb7 Kd7 72. b5 Kd6
73. b6 Kd7 74. Kb8 Kd8 75. b7 Kd7 76. Ka7 1-0

[Event "Mondiale Lampo FIDE 2017"]
[Site "Riyadh"]
[Date "29.12.2017"]
[Round "10.63"]
[White "Miswadah, Baha"]
[Black "Haddouche, Mohamed"]
[Result "0-1"]
[BlackTitle "GM"]
[WhiteElo "1877"]
[BlackElo "2505"]
[WhiteFideId "11502118"]
[BlackFideId "7900660"]
[EventDate "2017.12.29"]

1. e4 e5 2. Nf3 Nc6 3. Bc4 Nf6 4. O-O Be7 5. d3 d6 6. h3 O-O 7. c3 Kh8 8. Bb3
Ng8 9. Bc2 f5 10. d4 fxe4 11. Bxe4 d5 12. Bc2 e4 13. Nh2 Bf5 14. Be3 Bd6 15. Ng4
Qh4 16. Nd2 Rae8 17. c4 h5 18. Ne5 Nxe5 19. dxe5 Bxe5 20. cxd5 Bxh3 21. f4 exf3
22. Nxf3 Rxf3 23. Qxf3 Bg4 24. Qf2 Qh2# 0-1

[Event "Mondiale Lampo FIDE 2017"]
[Site "Riyadh"]
[Date "29.12.2017"]
[Round "10.64"]
[White "Alanazy, Mohammed"]
[Black "Omar, Noaman"]
[Result "0-1"]
[BlackTitle "IM"]
[WhiteElo "1850"]
[BlackElo "2364"]
[WhiteFideId "21508488"]
[BlackFideId "9300244"]
[EventDate "2017.12.29"]

1. e4 c6 2. f4 d5 3. exd5 cxd5 4. d4 Nc6 5. Nf3 Bg4 6. Bb5 Qa5+ 7. Nc3 e6 8.
Bxc6+ bxc6 9. Bd2 Qc7 10. Qe2 Bd6 11. h3 Bxf3 12. Qxf3 Ne7 13. O-O h5 14. Ne2 h4
15. c3 Nf5 16. Rab1 c5 17. dxc5 Bxc5+ 18. Kh1 Rc8 19. Rfd1 O-O 20. a4 Rfd8 21.
Bc1 Bd6 22. Nd4 Ng3+ 23. Kg1 Qd7 24. Be3 Qxa4 25. Bf2 Qd7 26. Bxg3 hxg3 27. Qxg3
Rb8 28. Rf1 Rdc8 29. h4 Bc5 30. h5 Qe7 31. Kh1 Bxd4 32. cxd4 Qf6 33. Rfd1 Rc2
34. f5 Rbxb2 35. fxe6 fxe6 36. Rxb2 Rxb2 37. Qg4 Qf5 38. Qxf5 exf5 39. Ra1 Rb7
40. Ra5 Rd7 41. Kh2 Kf7 42. Kg3 Ke7 43. Kf4 Kd6 44. Kxf5 Kc6 45. g4 Kb6 46. Rc5
a5 47. g5 a4 48. Ke6 Ra7 49. Rc1 a3 50. Ra1 Kc6 51. Kf5 a2 52. Kg6 Kb5 53. h6
gxh6 54. gxh6 Ra6+ 55. Kg7 Ra7+ 56. Kg6 Kc4 57. h7 Ra6+ 58. Kg7 Ra7+ 59. Kg8
Ra8+ 60. Kg7 Kb3 61. h8=Q Rxh8 62. Kxh8 Kb2 63. Rxa2+ Kxa2 64. Kg7 Kb3 65. Kf6
Kc3 66. Ke5 Kc4 67. Kf4 Kxd4 0-1

[Event "Mondiale Lampo FIDE 2017"]
[Site "Riyadh"]
[Date "29.12.2017"]
[Round "10.65"]
[White "Al Ghamdi, Ahmed M"]
[Black "Lodhi, Mahmood"]
[Result "0-1"]
[WhiteTitle "CM"]
[BlackTitle "IM"]
[WhiteElo "2159"]
[BlackElo "2347"]
[WhiteFideId "21500150"]
[BlackFideId "7800010"]
[EventDate "2017.12.29"]

1. e4 e5 2. Nf3 Nc6 3. Bb5 a6 4. Ba4 Nf6 5. O-O Be7 6. Re1 b5 7. Bb3 O-O 8. a4
Rb8 9. axb5 axb5 10. c3 d6 11. h3 b4 12. d4 bxc3 13. bxc3 exd4 14. cxd4 Nb4 15.
Nc3 Bb7 16. Ba3 c5 17. Bxb4 cxb4 18. Nd5 Nxd5 19. Bxd5 Bxd5 20. exd5 b3 21. Rb1
b2 22. Qe2 Bf6 23. Rxb2 h6 24. Rxb8 Qxb8 25. Qa6 Qb4 26. Rd1 Qb3 27. Qd3 Qxd5
28. Re1 g6 29. Qe4 Qxe4 30. Rxe4 Rb8 31. g3 Rb4 32. Kg2 Kf8 33. Rf4 Ke7 34. d5
Rb5 35. Re4+ Kf8 36. Rf4 Kg7 37. Ra4 Rxd5 38. Ra7 Rd3 39. Rd7 g5 40. Ne1 Rd2 41.
Nf3 Rd1 42. Ng1 d5 43. Ne2 d4 44. g4 Be5 45. Ng3 Bxg3 46. Kxg3 d3 47. Kf3 d2 48.
Ke2 Rh1 49. Rxd2 Rxh3 50. Rd7 Ra3 51. Rb7 Kg6 52. Rb6+ f6 53. Kf1 Ra4 54. f3 Rf4
55. Kg2 h5 56. gxh5+ Kxh5 57. Rb8 Kg6 58. Rb6 Ra4 59. Rc6 Kf5 60. Rc5+ Kf4 61.
Rc6 Ra2+ 62. Kg1 f5 63. Rc3 Kg3 64. Kf1 Rf2+ 65. Kg1 Rxf3 66. Rc5 g4 67. Rb5 f4
68. Rb2 Ra3 69. Rg2+ Kh4 70. Rh2+ Kg5 71. Rc2 g3 72. Rc1 Kg4 73. Rb1 f3 74. Rc1
Ra2 75. Rb1 Kh3 76. Kf1 g2+ 0-1

[Event "Mondiale Lampo FIDE 2017"]
[Site "Riyadh"]
[Date "29.12.2017"]
[Round "10.66"]
[White "Salama, Taher"]
[Black "Al Jabri, Mohammed Ali"]
[Result "0-1"]
[WhiteElo "1769"]
[BlackElo "2154"]
[WhiteFideId "11502231"]
[BlackFideId "7604734"]
[EventDate "2017.12.29"]

1. d4 d5 2. c4 Bf5 3. Nc3 e6 4. cxd5 exd5 5. Qb3 Nc6 6. e3 Nb4 7. e4 dxe4 8. a3
Nc6 9. d5 Ne5 10. Bf4 Nd3+ 11. Bxd3 exd3 12. Nf3 Nf6 13. O-O Be7 14. Nd4 Bd7 15.
Ncb5 Bxb5 16. Nxb5 O-O 17. Nxc7 Rc8 18. Nb5 Nxd5 19. Bg3 a6 20. Nd4 Bf6 21. Nf5
Rc2 22. Qxd3 Rxb2 23. Rad1 Nc3 24. Qxd8 Rxd8 25. Rxd8+ Bxd8 26. Be5 Rc2 27. Ne3
Ne2+ 28. Kh1 Ra2 29. Rd1 Bf6 30. Nf5 h6 31. Bxf6 gxf6 32. Nxh6+ Kh7 33. Ng4 Rxa3
34. Nxf6+ Kg6 35. Ne4 b5 36. Nd6 Nc3 37. Re1 Ra2 38. Kg1 b4 39. h4 a5 40. g4 b3
41. Nc4 a4 42. f4 b2 43. f5+ Kg7 44. Re3 b1=Q+ 0-1

[Event "Mondiale Lampo FIDE 2017"]
[Site "Riyadh"]
[Date "29.12.2017"]
[Round "10.67"]
[White "Farhan, Marwan Ali"]
[Black "Masrahi, Abdulrahman A"]
[Result "1-0"]
[BlackTitle "CM"]
[WhiteElo "1975"]
[BlackElo "1962"]
[WhiteFideId "9401652"]
[BlackFideId "21501564"]
[EventDate "2017.12.29"]

1. e4 e5 2. Nf3 Nc6 3. d4 exd4 4. Nxd4 Bc5 5. Be3 Qf6 6. c3 Nge7 7. Bc4 O-O 8.
O-O b6 9. a3 Bb7 10. b4 Bxd4 11. cxd4 Qg6 12. Nc3 Kh8 13. f4 f5 14. d5 Nd8 15.
e5 Nf7 16. Rf3 h6 17. Rg3 Qh7 18. Bd4 Ng6 19. Qb3 Nxf4 20. e6 Ng5 21. h4 dxe6
22. hxg5 exd5 23. gxh6 Qxh6 24. Bxg7+ Qxg7 25. Rxg7 Kxg7 26. Nxd5 Nxd5 27. Bxd5
Bxd5 28. Qxd5 Rad8 29. Qe5+ Kg6 30. Qxc7 Rd2 31. Re1 Rfd8 32. Re6+ Kg5 33. Qg3+
Kh5 34. Rg6 R2d6 1-0

[Event "Mondiale Lampo FIDE 2017"]
[Site "Riyadh"]
[Date "29.12.2017"]
[Round "10.68"]
[White "Al Abdali, Zeyad Saleh"]
[Black "Alem, Ali Hussien"]
[Result "1-0"]
[WhiteElo "1801"]
[BlackElo "1745"]
[WhiteFideId "21501505"]
[BlackFideId "21500088"]
[EventDate "2017.12.29"]

1. d4 Nf6 2. Nf3 d5 3. c4 dxc4 4. Nc3 a6 5. a4 c6 6. e3 b5 7. axb5 cxb5 8. Nxb5
Bb7 9. Nc3 e6 10. Bxc4 Bb4 11. O-O O-O 12. Qb3 Bxf3 13. Qxb4 Bd5 14. Nxd5 exd5
15. Bd3 a5 16. Qc3 Re8 17. Bd2 a4 18. b3 a3 19. Ra2 Qd7 20. b4 Qd6 21. h3 Nbd7
22. Rxa3 Rxa3 23. Qxa3 g6 24. Ra1 Ne4 25. Bxe4 Rxe4 26. Qa6 1-0

[Event "Mondiale Lampo FIDE 2017"]
[Site "Riyadh"]
[Date "29.12.2017"]
[Round "10.69"]
[White "Al Saidi, Mohammed Khalfan"]
[Black "Al Zamel, Khaled"]
[Result "1/2-1/2"]
[WhiteElo "1468"]
[BlackElo "1942"]
[WhiteFideId "22001271"]
[BlackFideId "21500967"]
[EventDate "2017.12.29"]

1. d4 d6 2. c4 c6 3. Nc3 Qc7 4. e4 Nf6 5. Bd3 e5 6. d5 Be7 7. f4 Bg4 8. Nf3 exf4
9. Bxf4 Nh5 10. Be3 Nf6 11. O-O O-O 12. h3 Bh5 13. Qd2 Nbd7 14. Nd4 Ne5 15. Bf4
Nfd7 16. Nf5 Rfe8 17. Nxe7+ Rxe7 18. b3 Nf8 19. Bxe5 Rxe5 20. Rf5 Rxf5 21. exf5
f6 22. Re1 Re8 23. Rxe8 Bxe8 24. Qe3 Qd7 25. Qxa7 Qe7 26. Qf2 Nd7 27. Ne4 Ne5
28. Bc2 c5 29. g4 b5 30. Kh2 bxc4 31. bxc4 Nxc4 32. Qf4 Qe5 33. Qxe5 dxe5 34.
Nxc5 Kf7 35. d6 Nxd6 36. Bb3+ Ke7 37. Ne6 g6 38. Kg3 gxf5 39. gxf5 Nxf5+ 40. Kf2
Bf7 41. Nc5 Bxb3 42. Nxb3 Kd6 43. Ke2 Nd4+ 44. Nxd4 exd4 45. Kd3 Kc5 46. a4 f5
47. a5 f4 48. a6 Kb6 49. Kxd4 Kxa6 50. Ke4 Kb6 51. Kxf4 Kc5 52. Kg5 Kd6 53. Kh6
Ke7 54. Kg7 h5 55. h4 Ke6 56. Kg6 Ke5 57. Kxh5 Kf5 58. Kh6 Kf6 59. Kh7 Kf7 60.
h5 Kf8 61. h6 Kf7 62. Kh8 Kf8 63. h7 Kf7 1/2-1/2

[Event "Mondiale Lampo FIDE 2017"]
[Site "Riyadh"]
[Date "29.12.2017"]
[Round "11.1"]
[White "Carlsen, Magnus"]
[Black "Yu, Yangyi"]
[Result "0-1"]
[WhiteTitle "GM"]
[BlackTitle "GM"]
[WhiteElo "2837"]
[BlackElo "2751"]
[WhiteFideId "1503014"]
[BlackFideId "8603820"]
[EventDate "2017.12.29"]

1. e4 e5 2. Nc3 Nc6 3. f4 exf4 4. Nf3 Bb4 5. Nd5 Ba5 6. c3 Nge7 7. d4 O-O 8.
Nxf4 d5 9. Bd3 dxe4 10. Bxe4 Bf5 11. Bxf5 Nxf5 12. O-O Bb6 13. Qd3 Nce7 14. g4
Nd6 15. Ng5 Ng6 16. Nxg6 fxg6 17. Bd2 Qd7 18. h3 c5 19. dxc5 Bxc5+ 20. Kh2 Qc6
21. Ne6 Rxf1 22. Rxf1 Ne4 23. Nxc5 Nxd2 24. Qxd2 Qxc5 25. Qf4 h6 26. Qe4 Qb6 27.
Qe2 Rd8 28. Kg2 Kh7 29. Rf3 Qc6 30. Kg1 Rd6 31. a3 a5 32. Re3 a4 33. Re4 b5 34.
Rd4 Re6 35. Qf2 Qe8 36. Kf1 Re3 37. Rd8 Qe4 38. Qg2 Re1+ 0-1

[Event "Mondiale Lampo FIDE 2017"]
[Site "Riyadh"]
[Date "29.12.2017"]
[Round "11.2"]
[White "Karjakin, Sergey"]
[Black "Andriasian, Zaven"]
[Result "1-0"]
[WhiteTitle "GM"]
[BlackTitle "GM"]
[WhiteElo "2760"]
[BlackElo "2585"]
[WhiteFideId "14109603"]
[BlackFideId "13302000"]
[EventDate "2017.12.29"]

1. e4 d6 2. d4 Nf6 3. Nc3 g6 4. f4 Bg7 5. Bd3 e5 6. dxe5 dxe5 7. Nf3 exf4 8.
Bxf4 O-O 9. Qd2 Bg4 10. O-O-O Nc6 11. Kb1 a6 12. h3 Bxf3 13. gxf3 Nd4 14. Qf2 c5
15. Bg5 Qb6 16. e5 Nh5 17. f4 Ne6 18. Nd5 Qa5 19. h4 Rfe8 20. Be2 h6 21. Bxh5
hxg5 22. hxg5 gxh5 23. Nf6+ Kf8 24. Nxe8 Rxe8 25. f5 Nxg5 26. f6 Rxe5 27. fxg7+
Kxg7 28. Rxh5 Qb6 29. Qg3 Qf6 30. a3 Rf5 31. Qb8 Kg6 32. Rhh1 Rf2 33. Qxb7 Qf5
34. Qxa6+ f6 35. Qc4 Nf3 36. Qg8# 1-0

[Event "Mondiale Lampo FIDE 2017"]
[Site "Riyadh"]
[Date "29.12.2017"]
[Round "11.6"]
[White "Esipenko, Andrey"]
[Black "Le, Quang Liem"]
[Result "0-1"]
[WhiteTitle "FM"]
[BlackTitle "GM"]
[WhiteElo "2564"]
[BlackElo "2737"]
[WhiteFideId "24175439"]
[BlackFideId "12401137"]
[EventDate "2017.12.29"]

1. d4 Nf6 2. c4 e6 3. Nf3 d5 4. Nc3 Bb4 5. e3 O-O 6. Bd2 b6 7. cxd5 exd5 8. Bd3
Re8 9. O-O Bb7 10. Ne5 Bd6 11. f4 c5 12. Be1 cxd4 13. exd4 Nc6 14. Bb5 Rc8 15.
Bh4 Be7 16. Qa4 Qd6 17. Rae1 Ne4 18. Bxe7 Rxe7 19. Nxe4 dxe4 20. Bxc6 Bxc6 21.
Nxc6 Rxc6 22. f5 h6 23. Re3 b5 24. Qd1 Rc4 25. f6 Re6 26. fxg7 Qxd4 27. Qe2 Rc2
28. Qxc2 Qxe3+ 29. Kh1 Rf6 30. Rd1 Kxg7 31. h3 Rf2 32. Qc7 Qg5 33. Qc3+ Kh7 34.
Rg1 Qf4 35. Qd4 e3 36. Qd3+ Kg7 37. Re1 Qg3 38. Qe4 e2 39. Qd4+ Kg8 40. Qd8+ Kh7 0-1

[Event "Mondiale Lampo FIDE 2017"]
[Site "Riyadh"]
[Date "29.12.2017"]
[Round "11.8"]
[White "Nepomniachtchi, Ian"]
[Black "Anand, Viswanathan"]
[Result "1-0"]
[WhiteTitle "GM"]
[BlackTitle "GM"]
[WhiteElo "2729"]
[BlackElo "2782"]
[WhiteFideId "4168119"]
[BlackFideId "5000017"]
[EventDate "2017.12.29"]

1. c4 e5 2. Nc3 Bb4 3. Nd5 Bc5 4. b4 Bd4 5. Rb1 c6 6. e3 cxd5 7. exd4 d6 8. dxe5
dxe5 9. d4 e4 10. c5 Ne7 11. Ne2 O-O 12. Nc3 Nf5 13. b5 a6 14. a4 axb5 15. axb5
Be6 16. Be2 Nd7 17. O-O Qf6 18. c6 Nb6 19. cxb7 Ra7 20. Bf4 Nxd4 21. b8=Q Rxb8
22. Bxb8 Ra3 23. Bc7 1-0

[Event "Mondiale Lampo FIDE 2017"]
[Site "Riyadh"]
[Date "29.12.2017"]
[Round "11.9"]
[White "Amin, Bassem"]
[Black "Artemiev, Vladislav"]
[Result "1/2-1/2"]
[WhiteTitle "GM"]
[BlackTitle "GM"]
[WhiteElo "2689"]
[BlackElo "2691"]
[WhiteFideId "10601457"]
[BlackFideId "24101605"]
[EventDate "2017.12.29"]

1. e4 c6 2. d4 d5 3. exd5 cxd5 4. c4 Nf6 5. Nc3 g6 6. Qb3 Bg7 7. cxd5 O-O 8. Be2
Na6 9. Bf3 Qb6 10. Nge2 Qxb3 11. axb3 Nb4 12. O-O Rd8 13. Ra5 a6 14. Na4 b5 15.
d6 Ra7 16. dxe7 Rxe7 17. Nac3 Be6 18. Bd2 Bxb3 19. Nxb5 Nc2 20. Nbc3 Nxd4 21.
Nxd4 Rxd4 22. Be3 Rd8 23. Be2 Nd5 24. Nxd5 Bxd5 25. Rd1 Red7 26. Bxa6 Bxb2 27.
Bb6 Bc6 28. Rxd7 Rxd7 29. h3 f6 30. Be3 Be5 31. Be2 Rb7 32. Bd3 Rd7 33. Bc2 Be4
34. Bb3+ Kg7 35. Kf1 Rb7 36. Ra7 Rxa7 37. Bxa7 h5 38. Be3 h4 39. Bd1 g5 40. Be2
Kg6 41. Kg1 f5 42. Bc5 Bd5 43. Bb5 Kf7 44. Bb6 g4 45. Bd8 gxh3 46. gxh3 Bf6 1/2-1/2

[Event "Mondiale Lampo FIDE 2017"]
[Site "Riyadh"]
[Date "29.12.2017"]
[Round "11.10"]
[White "Movsesian, Sergei"]
[Black "Harikrishna, Pentala"]
[Result "1/2-1/2"]
[WhiteTitle "GM"]
[BlackTitle "GM"]
[WhiteElo "2647"]
[BlackElo "2744"]
[WhiteFideId "310204"]
[BlackFideId "5007003"]
[EventDate "2017.12.29"]

1. e4 c5 2. Nf3 e6 3. d4 cxd4 4. Nxd4 Nc6 5. Nc3 Qc7 6. Be3 a6 7. Bd3 Nf6 8. O-O
Nxd4 9. Bxd4 Bc5 10. Be2 d6 11. a4 e5 12. Bxc5 Qxc5 13. Qd3 Be6 14. Rad1 Rd8 15.
Kh1 1/2-1/2

[Event "Mondiale Lampo FIDE 2017"]
[Site "Riyadh"]
[Date "29.12.2017"]
[Round "11.11"]
[White "Sjugirov, Sanan"]
[Black "Salem, A.R. Saleh"]
[Result "0-1"]
[WhiteTitle "GM"]
[BlackTitle "GM"]
[WhiteElo "2650"]
[BlackElo "2638"]
[WhiteFideId "4189302"]
[BlackFideId "9301348"]
[EventDate "2017.12.29"]

1. Nf3 c5 2. c4 Nf6 3. g3 d5 4. cxd5 Nxd5 5. Bg2 Nc6 6. Nc3 g6 7. d3 Bg7 8. Bd2
O-O 9. O-O Nc7 10. a3 a5 11. Rc1 b6 12. Na4 Rb8 13. Bc3 e5 14. Bd2 h6 15. Be3
Nd5 16. Bd2 Be6 17. Nc3 Qd7 18. Nxd5 Bxd5 19. Bc3 Rfe8 20. Re1 Rbd8 21. Qc2 Nd4
22. Bxd4 exd4 23. Nd2 Bxg2 24. Kxg2 Re6 25. Nf3 Rde8 26. Qd2 a4 27. Qc2 Kh7 28.
Rb1 g5 29. h3 f5 30. b4 axb3 31. Rxb3 Qd5 32. Kg1 Rxe2 33. Rxe2 Rxe2 34. Qxe2
Qxb3 35. g4 Qd5 36. a4 Bf6 37. Nd2 Kg7 38. Nc4 fxg4 39. hxg4 Qc6 40. Qb2 Qxa4
41. Qxb6 Qd1+ 42. Kh2 Qxd3 43. Qxc5 Qf3 44. Qc7+ Kg6 45. Qc8 Qxf2+ 46. Kh3 Qf3+
47. Kh2 Qe2+ 48. Kg3 Be5+ 49. Nxe5+ Qxe5+ 50. Kg2 Qd5+ 51. Kg3 d3 52. Qe8+ Kf6
53. Qf8+ Ke5 54. Qg7+ Ke4 55. Qg6+ Kd4 56. Qb6+ Kc3 57. Qc7+ Qc4 58. Qe5+ Kc2
59. Qf5 Qf4+ 0-1

[Event "Mondiale Lampo FIDE 2017"]
[Site "Riyadh"]
[Date "29.12.2017"]
[Round "11.12"]
[White "Jobava, Baadur"]
[Black "Grischuk, Alexander"]
[Result "0-1"]
[WhiteTitle "GM"]
[BlackTitle "GM"]
[WhiteElo "2690"]
[BlackElo "2772"]
[WhiteFideId "13601520"]
[BlackFideId "4126025"]
[EventDate "2017.12.29"]

1. b3 d5 2. Bb2 Bf5 3. e3 e6 4. h3 h6 5. Nc3 Nf6 6. d4 c5 7. g4 Bh7 8. Bd3 cxd4
9. exd4 Nc6 10. Bxh7 Nxh7 11. Qd2 Qg5 12. f4 Qh4+ 13. Kf1 Bd6 14. Kg2 Qf6 15.
Nge2 h5 16. Raf1 hxg4 17. hxg4 Qg6 18. Rh4 O-O-O 19. Rfh1 Be7 20. f5 exf5 21.
Nf4 Qg5 22. Rxh7 Qxg4+ 23. Kf1 Rxh7 24. Rxh7 Bg5 25. Bc1 Qf3+ 26. Qf2 Qxc3 27.
Ne2 Qxc2 28. Bxg5 Re8 29. Ng3 Qd3+ 30. Kg2 Nxd4 31. Rh1 f6 32. Bf4 g5 33. Rc1+
Kd8 34. Bc7+ Kd7 35. Ba5 f4 36. Rc7+ Kd6 37. Qxd4 Qxg3+ 38. Kf1 Qf3+ 39. Kg1
Qg3+ 40. Kf1 Qh3+ 41. Kg1 Qg3+ 42. Kf1 Qf3+ 43. Kg1 b6 44. Qxf6+ Kxc7 45. Qf7+
Kd8 46. Qf6+ Kd7 47. Qf5+ Re6 48. Qf7+ Re7 49. Qf5+ Kc7 50. Bb4 Qg3+ 51. Kf1
Qf3+ 52. Kg1 Qe3+ 53. Kf1 Qe4 0-1